| 000 | 00980nam a2200361Ia 4500 | ||
|---|---|---|---|
| 005 | 20260514124355.0 | ||
| 008 | 008 261405s9999 xx 000 0 eng d | ||
| 037 | _aThesis | ||
| 040 | _aCRL | ||
| 040 | _beng | ||
| 040 | _cCRL | ||
| 041 | _2eng | ||
| 041 | _aeng | ||
| 084 | _qCRL | ||
| 100 |
_aDr.Pallavi Prakhar _91239663 |
||
| 245 | 0 | _aComparison of Flow Cytometric Analysis of Cytological Specimens with Cell Block/Tissue Biopsy Immunosistochemistry in Hematolymphoid Neoplasms. | |
| 260 | _aDelhi | ||
| 260 | _bUniversity of Delhi | ||
| 260 | _c2015 | ||
| 300 | _a63p. | ||
| 502 | _bPh.D. | ||
| 502 | _cUniversity of Delhi | ||
| 502 | _d2015 | ||
| 541 | _oThesis | ||
| 650 |
_aPathology _91239640 |
||
| 700 |
_aDr.Manoj Andley _91239456 |
||
| 700 |
_aDr.Monisha Choudhury, _91239664 |
||
| 700 |
_aDr.Sunia Sharma, _91239665 |
||
| 700 |
_aDr.Varinder Singh _91239666 |
||
| 710 | _aPathology | ||
| 942 | _cTH | ||
| 999 |
_c1851760 _d1851760 |
||